College Football Team Colors (Purple) - Statistics

General Stats
  • This quiz has been taken 1,458 times
    936 since last reset
  • The average score is 6 of 8
Answer Stats
Conference Team % Correct
BIG TEN Northwestern
88%
SEC LSU
81%
Big 12 TCU
80%
Big 12 Kansas State
77%
BIG TEN Washington
77%
Sun Belt James Madison
61%
ACC Clemson
56%
The American East Carolina
49%
No matching quizzes found
Score Distribution
Percent of People with Each Score
Percentile by Number Answered
Your Score History
You have not taken this quiz since the last reset